التقويم : (رقم التسجيلة. 32007)

تفاصيل مارك
000 -LEADER
fixed length control field 00730nam a22001817a 4500
005 - DATE AND TIME OF LATEST TRANSACTION
control field 20251108165820.0
008 - FIXED-LENGTH DATA ELEMENTS--GENERAL INFORMATION
fixed length control field 250721s1991 xx 000 0 ara d
082 14 - DEWEY DECIMAL CLASSIFICATION NUMBER
Classification number م/529.3/علب
100 1# - MAIN ENTRY--PERSONAL NAME
Personal name العلبي، أكرم حسن
245 10 - TITLE STATEMENT
Title التقويم :
Remainder of title دراسة للتقويم و التوقيت و التاريخ و جداول مفصلة لمقابلة التاريخ الهجري بالميلادي حتى سنة 2000 /
264 1# - PRODUCTION, PUBLICATION, DISTRIBUTION, MANUFACTURE, AND COPYRIGHT NOTICE
Place of production, publication, distribution, manufacture بيروت :
Name of producer, publisher, distributor, manufacturer المصادر للتأليف والتجمة والطباعة والنشر،
Date of production, publication, distribution, manufacture, or copyright notice 1991.
300 ## - PHYSICAL DESCRIPTION
Extent 352ص
650 17 - SUBJECT ADDED ENTRY--TOPICAL TERM
Topical term or geographic name as entry element التقاويم
650 17 - SUBJECT ADDED ENTRY--TOPICAL TERM
Topical term or geographic name as entry element التقويم الهجري
650 17 - SUBJECT ADDED ENTRY--TOPICAL TERM
Topical term or geographic name as entry element التقويم الميلادي
942 ## - ADDED ENTRY ELEMENTS (KOHA)
Source of classification or shelving scheme Dewey Decimal Classification
Koha item type مراجع
المقتنيات
حالة السحب حالة الفقدان مصدر التصنيف حالة التلف غير قابل للإعارة المكتبة الرئيسية المكتبة الحالية موقع الرف تاريخ التزويد الرقم المتسلسل Total Checkouts رقم الإستدعاء الباركود تاريخ آخر ظهور تاريخ الفاتورة نوع المادة (كوها)
    Dewey Decimal Classification   Not For Loan المكتبة المركزية المكتبة المركزية مراجع 06/07/2004 226938   م/529.3/علب 226938 28/07/2025 06/07/2004 مراجع
    Dewey Decimal Classification   Not For Loan مكتبة الأميرة ايمان العامة مكتبة الأميرة ايمان العامة مراجع 27/10/2013 [8707]   م/529.3/علب PLD00284156 28/07/2025 27/10/2013 مراجع
    Dewey Decimal Classification   Not For Loan مكتبة الاميرة بديعة مكتبة الاميرة بديعة مراجع 06/07/2004 5293   م/529.3/علب 5293 28/07/2025 06/07/2004 مراجع
    Dewey Decimal Classification   Not For Loan مكتبة الجويدة مكتبة الجويدة مراجع 02/06/2015 [5317]   م/529.3/علب PLD00328811 28/07/2025 02/06/2015 مراجع
    Dewey Decimal Classification   Not For Loan مكتبة النصر العامة مكتبة النصر العامة مراجع 06/07/2004 7910   م/529.3/علب DUP-02_7910 28/07/2025 06/07/2004 مراجع
    Dewey Decimal Classification   Not For Loan مكتبة صويلح العامة مكتبة صويلح العامة مراجع 09/10/2019 00011307   م/529.3/علب PLD00470899 28/07/2025 09/10/2019 مراجع
    Dewey Decimal Classification   Not For Loan مكتبة وادي السير العامة مكتبة وادي السير العامة مراجع 06/07/2004 6120   م/529.3/علب DUP-02_6120 28/07/2025 06/07/2004 مراجع
Implemented & Customized by: BBB with SCIT (Smart Chains for Information Technology)

Powered by Koha